Tilastot visalle Arvaa piirrettävänä olevat Yhdysvaltain osavaltiot

Klikkaa tästä pelataksesi tätä visaa!

Yleistilastot

  • Tätä visaa on pelattu 730 kertaa
  • Keskiarvotulos 4 / 10

Vastaukset kartalla

Vastauksille on annettu kartalla punavihreä väri sen mukaan, kuinka moni on saanut sen oikein.
 

Vastaustilastot

% Oikein
New York
67%
Florida
65%
Indiana
58%
Colorado
57%
Tennessee
56%
Kalifornia
54%
Länsi-Virginia
54%
Washington
54%
Havaiji
53%
Texas
53%
Georgia
50%
Minnesota
50%
Nevada
50%
New Hampshire
50%
Wyoming
50%
Louisiana
48%
Alabama
45%
Alaska
45%
Montana
45%
Ohio
45%
Idaho
44%
Utah
44%
Wisconsin
44%
Pohjois-Carolina
42%
Nebraska
41%
New Mexico
41%
Kansas
40%
Michigan
40%
Etelä-Carolina
39%
Vermont
36%
New Jersey
35%
Maine
33%
Maryland
33%
Oklahoma
33%
Pohjois-Dakota
33%
Arizona
32%
Iowa
30%
Arkansas
29%
Massachusetts
29%
Rhode Island
29%
Delaware
28%
Virginia
27%
Illinois
25%
Pennsylvania
22%
Connecticut
21%
Oregon
21%
Kentucky
20%
Mississippi
19%
Etelä-Dakota
15%
Missouri
11%

Tulosjakauma

Persentiili vastausten määrän mukaan

Jokaisen tuloksen saaneiden osuus

Tuloshistoriasi

Et ole pelannut tätä visaa